<?xml version="1.0" encoding="UTF-8"?><?xml-stylesheet type="text/xsl" href="static/style.xsl"?><OAI-PMH xmlns="http://www.openarchives.org/OAI/2.0/" xmlns:xsi="http://www.w3.org/2001/XMLSchema-instance" xsi:schemaLocation="http://www.openarchives.org/OAI/2.0/ http://www.openarchives.org/OAI/2.0/OAI-PMH.xsd"><responseDate>2026-04-27T12:33:33Z</responseDate><request verb="GetRecord" identifier="oai:uvadoc.uva.es:10324/13636" metadataPrefix="marc">https://uvadoc.uva.es/oai/request</request><GetRecord><record><header><identifier>oai:uvadoc.uva.es:10324/13636</identifier><datestamp>2025-02-18T08:23:22Z</datestamp><setSpec>com_10324_38</setSpec><setSpec>col_10324_852</setSpec></header><metadata><record xmlns="http://www.loc.gov/MARC21/slim" xmlns:doc="http://www.lyncode.com/xoai" xmlns:xsi="http://www.w3.org/2001/XMLSchema-instance" xmlns:dcterms="http://purl.org/dc/terms/" xsi:schemaLocation="http://www.loc.gov/MARC21/slim http://www.loc.gov/standards/marcxml/schema/MARC21slim.xsd">
<leader>00925njm 22002777a 4500</leader>
<datafield tag="042" ind1=" " ind2=" ">
<subfield code="a">dc</subfield>
</datafield>
<datafield tag="720" ind1=" " ind2=" ">
<subfield code="a">Inés Rodríguez, Alicia E. de</subfield>
<subfield code="e">author</subfield>
</datafield>
<datafield tag="260" ind1=" " ind2=" ">
<subfield code="c">2015</subfield>
</datafield>
<datafield tag="520" ind1=" " ind2=" ">
<subfield code="a">El pan es posiblemente el alimento artificial más consumido en el mundo. Su aceptación, entre otros factores, depende enormemente de su aroma ya que es una de sus características básicas; por ello se hace necesario el desarrollo de técnicas analíticas que permitan analizar dichos compuestos volátiles de manera rápida y precisa. Las dos opciones más comunes son la extracción con disolvente y el análisis del espacio de cabeza (HS), ambas complementadas con la cromatografía de gases, bien con detector de ionización de llama (GC-FID) o espectrométrico  de masas (GC-MS).                                                                                                                                En el presente trabajo se ha desarrollado un método HS-GC/MS para el análisis de 19 compuestos volátiles representativos del aroma de la miga del pan de trigo, con grupos funcionales muy diversos: alcoholes, aldehídos, cetonas, ácidos, ésteres, heterociclos furfurílicos y una lactona. El método ha sido optimizado mediante la Metodología de la Superficie de Respuesta y porteriormente validado en términos de linealidad, precisión y exactitud. Finalmente, se aplicó a la cuantificación de una barra comercial mediante el método de adiciones patrón (MAP) y también al perfil cualitativo de diferentes tipos de pan con una base de harina de trigo.</subfield>
</datafield>
<datafield tag="024" ind2=" " ind1="8">
<subfield code="a">http://uvadoc.uva.es/handle/10324/13636</subfield>
</datafield>
<datafield ind1=" " ind2=" " tag="653">
<subfield code="a">Pan - Análisis</subfield>
</datafield>
<datafield ind1=" " ind2=" " tag="653">
<subfield code="a">Compuestos orgánicos volátiles</subfield>
</datafield>
<datafield tag="245" ind1="0" ind2="0">
<subfield code="a">Análisis de componentes volátiles en miga de pan por HS-GC/MS</subfield>
</datafield>
</record></metadata></record></GetRecord></OAI-PMH>